Energías renovables

Guardat en:
Dades bibliogràfiques
Autor principal: Ortega Rodríguez, Mario (autor)
Format: Llibre
Idioma:espanyol
Publicat: Madrid Paraninfo 2003
Edició:2a. ed
Matèries:
Etiquetes: Afegir etiqueta
Sense etiquetes, Sigues el primer a etiquetar aquest registre!

MARC

LEADER 00000nam a2200000 a 4500
001 UCK9931
003 CL-VaPUC
008 060609e20030000SP |||||||||||||||||spa|d
020 |a 8428325820 
082 0 4 |a 333.794  |b ORT  |2 21 
100 |a Ortega Rodríguez, Mario  |e autor  |9 571469 
245 1 0 |a Energías renovables 
250 |a 2a. ed 
300 |a 328 p 
942 |c BK 
945 |d 20060609 00:00:00  |a jtorresc 
260 |a Madrid  |b Paraninfo  |c 2003 
650 7 |a RECURSOS ENERGETICO RENOVABLES  |2 CL-VaPUC  |9 499844 
650 7 |a RECURSOS NATURALES RENOVABLES  |2 CL-VaPUC  |9 262788 
650 7 |a CONSUMO DE ENERGIA  |2 CL-VaPUC  |9 271590 
650 7 |a ENERGIA HIDRAULICA  |2 CL-VaPUC  |9 358259 
650 0 |a Energía eólica  |9 316611 
650 0 |a Medio ambiente  |9 257625 
651 0 |a España  |9 254926 
583 |a last modification  |c 20060609 00:00:00  |k Rodrigo Vera 
999 |c 316929  |d 316927 
952 |0 0  |1 0  |4 0  |6 333_794000000000000_ORT_2003  |7 0  |8 A  |9 392542  |a BIBING  |b BIBING  |d 2019-11-22  |i 4239962  |l 2  |o 333.794 ORT 2003  |p 4239962  |r 2025-01-20  |s 2024-11-25  |w 2019-11-22  |y BK  |k EIQ